Ciperáceas y juncáceas / (Registro nro. 37065)

Detalles MARC
000 -CABECERA
Longitud fija campo de control 01284cam a2200289 a 4500
003 - • IDENTIFICADOR DELl NÚMERO DE CONTROL
Identificador del número de control CO-ViMGA
008 - • CÓDIGOS DE INFORMACIÓN DE LONGITUD FIJA
Códigos de información de longitud fija 030305s1985 sp af r 001 0 spa d
020 ## - • NÚMERO INTERNACIONAL NORMALIZADO PARA LIBROS
Número Internacional Normalizado para Libros (ISBN) 8472323749
040 ## - FUENTE DE LA CATALOGACIÓN
Centro catalogador de origen CO-ViMGA
Lengua de catalogación spa
Centro transcriptor CO-ViMGA
043 ## - CÓDIGO DE ÁREA GEOGRÁFICA
Código de área geográfica s-ck---
082 04 - • NÚMERO DE LA CLASIFICACIÓN DECIMAL DEWEY
Número de clasificación (R) 581.9861
Número de edición 19
Número del ítem R31cj
111 2# - • PUNTO DE ACCESO PRINCIPAL-NOMBRE DE CONGRESO
Nombre de congreso o jurisdicción como elemento de entrada Real Expedición Botánica del Nuevo Reino de Granada
Fecha del congreso (1783 -1816)
245 10 - • TITULO PROPIAMENTE DICHO
Título Ciperáceas y juncáceas /
Mención de responsabilidad, etc. promovida y dirigida por José Celestino Mutis ; Luis Eduardo Mora Osejo
300 ## - • DESCRIPCIÓN FÍSICA
Extensión vii, 44 p., 47 h. de láminas a color
Dimensiones 54 cm.
500 ## - • NOTA GENERAL
Nota general Libro en formato grande.
500 ## - • NOTA GENERAL
Nota general Publicada bajo los auspicios de los gobiernos de España y de Colombia y merced a la colaboración de los Instituto de Cultura Hispánica de Madrid y Bogotá.
504 ## - • NOTA DE BIBLIOGRAFÍA, ETC
Nota de bibliografía, etc. Incluye referencias bibliográficas e índice.
650 24 - • PUNTO DE ACCESO ADICIONAL DE MATERIA - TÉRMINO DE MATERIA
Término de materia o nombre geográfico como elemento inicial Botánica
Subdivisión geográfica Colombia
Subdivisión cronológica Siglos XVII-XVIII
650 24 - • PUNTO DE ACCESO ADICIONAL DE MATERIA - TÉRMINO DE MATERIA
Término de materia o nombre geográfico como elemento inicial Ciperáceas
Subdivisión de forma Clasificación
650 24 - • PUNTO DE ACCESO ADICIONAL DE MATERIA - TÉRMINO DE MATERIA
Término de materia o nombre geográfico como elemento inicial Juncáceas
Subdivisión de forma Clasificación
700 1# - • PUNTO DE ACCESO ADICIONAL - NOMBRE DE PERSONA
Nombre de persona Mora Osejo, Luis Eduardo
Fechas asociadas al nombre 1931-
700 1# - • PUNTO DE ACCESO ADICIONAL - NOMBRE DE PERSONA
Nombre de persona Mutis, José Celestino
Fechas asociadas al nombre 1732-1808
710 2# - • PUNTO DE ACCESO ADICIONAL - NOMBRE DE ENTIDAD
Nombre de entidad o nombre de jurisdicción como elemento inicial Instituto Colombiano de Cultura Hispánica
710 2# - • PUNTO DE ACCESO ADICIONAL - NOMBRE DE ENTIDAD
Nombre de entidad o nombre de jurisdicción como elemento inicial Instituto de Cooperación Iberoamericana
942 ## - ENTRADA DE ELEMENTOS AGREGADOS (KOHA)
Fuente de clasificaión o esquema Dewey Decimal Classification
Koha [por defecto] tipo de item LIbro
Existencias
Perdido Fuente de clasificación o esquema Estado Físico Restricciones de uso No para préstamo Forma de adquisición Localización permanente Localización actual Fecha adquisición Fuente de adquisición Coste, precio normal de compra Préstamos totales Signatura completa Código de barras Fecha última consulta Fecha del precio de reemplazo Tipo de item de Koha
  Dewey Decimal Classification   Restricted Access   Sala General Segundo Piso Biblioteca Pública Germán Arciniegas - Villavicencio Biblioteca Pública Germán Arciniegas - Villavicencio 09/13/2018 1997 1.00   581.9861 R31cj 32422 09/13/2018 09/13/2018 LIbro









Instituto Departamental de Cultura del Meta - Red Departamental de Bibliotecas Públicas del Meta.